000 00303nam a22001457a 4500
008 230324b ||||| |||| 00| 0 eng d
020 _a9780195098655
041 _aeng
080 _a61
082 _a61BET
100 _a25
101 _aPSI
245 _aHUMAN NATURE
_cBETZIG .L
942 _2udc
_cBK
999 _c59434
_d59434